000 00710nam a2200217 a 4500
001 2045267
003 AM-YEHGA
005 20260401101734.0
008 251229s1917 ru |||||||||||||||0|rus|d
040 _aAM-YEHGA
041 0 _arus
100 1 _aЛозинский, Самуил Горациевич,
_d1874-1945
245 1 0 _aМаратъ /
_cС.Г. Лозинский.
246 1 3 _aМарат
260 _aПетроград :
_bНовая эпоха,
_c1917.
300 _a39 с.
490 0 _aДеятели Великой французской революции
600 1 4 _aМарат, Жан Поль,
_d1743-1793
650 1 4 _aФранцузская революция
942 _2udc
_cBK
999 _c541064
_d541064